01021cam a2200241 a 450000100100000000500170001000800410002702000150006804000300008308200190011310000380013224500930017026000670026330000210033049000590035149000510041050400410046150400210050265000630052365000530058665000310063983001090067000001391420200929163410.0910425s1989 ve b 001 0 spa  a9802224642 aDO-SdBNPbspacDLCdBNPHU a340.946bS939r1 aSuárez, Santiago Gerardod1930-14aLas reales audiencias indianas :bfuentes y bibliografía /cSantiago-Gerardo Suárez. aCaracas, Venezuela :bAcademia Nacional de la Historia,c1989. a516 p. ;c23 cm.1 aBiblioteca de la Academia Nacional de la Historiav2001 aFuentes para la historia colonial de Venezuela aIncluye referencias bibliográficas aIncluye Índice 4aIndigenasxPersonalidad juridicaxHistoriaxBibliografía 4aTribunales de la indiaxHistoriaxBibliografía 4aDerecho colonial español 0aBiblioteca de la Academia Nacional de la Historia ;pFuentes para la historia colonial de Venezuelav200